ARRUPE JESUIT UNIVERSITY

CORONAVIRUS -STOP THE SPREAD - CLEAN,DISINFECT,COVER

Sculptures nouvelles de Bandundu, Rép. du Zaïre / (Record no. 127916)

MARC details
000 -LEADER
fixed length control field 00682cam a22002057a 4500
001 - CONTROL NUMBER
control field 3268577
003 - CONTROL NUMBER IDENTIFIER
control field ARRUPE
005 - DATE AND TIME OF LATEST TRANSACTION
control field 20180412093348.0
008 - FIXED-LENGTH DATA ELEMENTS--GENERAL INFORMATION
fixed length control field 810805s1980 cg a 000 0 fre
010 ## - LIBRARY OF CONGRESS CONTROL NUMBER
LC control number 81169596
040 ## - CATALOGING SOURCE
Original cataloging agency DLC
Transcribing agency DLC
Modifying agency DLC
050 00 - LIBRARY OF CONGRESS CALL NUMBER
Classification number NB1130.C6
Item number H685
300 ## - PHYSICAL DESCRIPTION
Other physical details ill. ;
Dimensions 24 cm.
100 1# - MAIN ENTRY--PERSONAL NAME
Personal name Hochegger, Hermann.
9 (RLIN) 38498
245 10 - TITLE STATEMENT
Title Sculptures nouvelles de Bandundu, Rép. du Zaïre /
Statement of responsibility, etc Herman Hochegger.
260 ## - PUBLICATION, DISTRIBUTION, ETC. (IMPRINT)
Place of publication, distribution, etc Bandundu :
Name of publisher, distributor, etc CEEBA,
Date of publication, distribution, etc c1980.
300 ## - PHYSICAL DESCRIPTION
Extent 160 p. :
490 1# - SERIES STATEMENT
Series statement Publications / CEEBA. Série II ;
Volume number/sequential designation v. 61
650 ## - SUBJECT ADDED ENTRY--TOPICAL TERM
Topical term or geographic name as entry element Sculpture, Bandundu (Congo, Democratic republic)
9 (RLIN) 41470
830 #0 - SERIES ADDED ENTRY--UNIFORM TITLE
Uniform title Publications (Ceeba).
Number of part/section of a work Série II ;
Volume number/sequential designation v. 61
9 (RLIN) 41471
906 ## - LOCAL DATA ELEMENT F, LDF (RLIN)
a 7
b cbc
c orignew
d 4
e ncip
f 19
g y-gencatlg
942 ## - ADDED ENTRY ELEMENTS (KOHA)
Source of classification or shelving scheme Library of Congress Classification
Koha item type Monograph ( Printed materials)
Holdings
Withdrawn status Lost status Source of classification or shelving scheme Damaged status Not for loan Collection code Home library Current library Shelving location Date acquired Total Checkouts Full call number Barcode Date last seen Price effective from Koha item type
    Library of Congress Classification     Main Collection ARRUPE LIBRARY ARRUPE LIBRARY Main Collection 12/04/2018   NB1130.C6 H685 46600001788 03/07/2018 12/04/2018 Monograph ( Printed materials)

 

Arrupe Library. PO Box MP320 Mt Pleasant, Harare, Zimbabwe
263 242 745411|librarian@aju.ac.zw